Ensayos de literatura cubana
Wedi'i Gadw mewn:
| Prif Awdur: | |
|---|---|
| Fformat: | Llyfr |
| Iaith: | Sbaeneg |
| Cyhoeddwyd: |
Madrid
Saturnino Calleja
1922
|
| Cyfres: | Biblioteca Calleja. Primera Serie
|
| Pynciau: | |
| Tagiau: |
Ychwanegu Tag
Dim Tagiau, Byddwch y cyntaf i dagio'r cofnod hwn!
|
MARC
| LEADER | 00000nam a2200000 a 4500 | ||
|---|---|---|---|
| 001 | UCZ4447 | ||
| 003 | CL-VaPUC | ||
| 008 | 951109e19220000SP |||||||||||||||||spa|d | ||
| 082 | 0 | 4 | |a Cu864 |b CHA |2 21 |
| 100 | 0 | |a Chacón y Calvo, José María |e author |9 348487 | |
| 245 | 1 | 0 | |a Ensayos de literatura cubana |
| 300 | |a 276 p | ||
| 942 | |c BK | ||
| 945 | |d 19951109 00:00:00 |a rleighto | ||
| 260 | |a Madrid |b Saturnino Calleja |c 1922 | ||
| 650 | 7 | |a ENSAYOS CUBANOS |2 CL-VaPUC |9 315049 | |
| 583 | |a last modification |c 19951109 00:00:00 |k Rodrigo Vera | ||
| 490 | 0 | |a Biblioteca Calleja. Primera Serie | |
| 999 | |c 240826 |d 240824 | ||
| 952 | |0 0 |1 0 |4 0 |6 CU_864_000000000000000_CHA_1922 |7 0 |8 A |9 252868 |a BIBEDU |b BIBEDU |d 2019-11-19 |i 3148238 |o Cu864 CHA 1922 |p 3148238 |r 2019-11-19 |w 2019-11-19 |y BK |k LIT | ||